000 00455ntaaa2200181 4500
003 01
005 20251027202809.0
008 0714s1973 ag 01
040 _aAR-BaBN
_bspa
_cAR-BaBN
_eaacr
_dRIC
082 _a868.8210 865f
100 _aBottinelli Lacoste, María del Carmen
_928287
245 _aFloresta, mi barrio, y otros poemas
250 _a1 ed.
260 _aBuenos Aires,
_c1971
300 _a66 p
650 _apoesía
_911498
942 _cBK
999 _c23319
_d23319